000 01163nam a2200289 c 4500
003 BLK
005 20250714113251.0
008 210726b bul|||||r ||||||| ||bul||
020 _a9786190212270
_q978-619-02-1227-0
040 _aBLK
041 _aBUL
_cBUL
080 _aЧилийска литература
_b821.134.2(83)
_x-31
_z821.134.2(83)-31
100 1 _aАлиенде, Исабел
_eпърви автор
_930822
139 _aАлиенде, Исабел
_bА 54
245 1 0 _aВятърът знае името ми
_cИсабел Алиендe ; прев. от исп. Катя Диманова.
257 _aCHI
260 _aСофия
_bКолибри
_c2023
_fКостинброд : Мултипринт
300 _a270 с.
_c20 см
380 _aX
500 _aОриг. загл.: El viento conoce mi nombre / Isabel Allende.
700 _aДиманова, Катя Томова
_eпрев. от исп.
_9369177
_gДиманова-Василева, Катя Томова
852 _aЦб 320043
_bЦб
856 _i0.00
_ldisable
942 _cKNG
_n0
_s1
_079
944 _k30570
_lМоника Янева
999 _c491905
_d491905
999 _d491905